Kirchenbuch-Abschriften der altlutherischen Gemeinden Cammin, Hackenwalde (Kr. Naugard), Versin (Kr. Rummelsburg) und Gramens (Kr Neustettin) in Pommern 1836-1844

Titel: Kirchenbuch-Abschriften der altlutherischen Gemeinden Cammin, Hackenwalde (Kr. Naugard), Versin (Kr. Rummelsburg) und Gramens (Kr Neustettin) in Pommern 1836-1844 / Herausgegeben von Stefan Rückling
Beteiligt:
In: Archiv ostdeutscher Familienforscher, Band 26 (2018), Seite 291-316
alle Artikel anzeigen
Veröffentlicht: 2018
Format: Aufsatz
Sprache: Deutsch
Schlagworte:
Kein Bild verfügbar
X
alg: 50433335
001A    $03025:04-02-23 
001B    $01999:04-02-23 $t22:07:37.000 
001D    $03025:04-02-23 
001U    $0utf8 
001X    $00 
002@    $0Aou 
002C    $aText $btxt $2rdacontent 
002D    $aohne Hilfsmittel zu benutzen $bn $2rdamedia 
002E    $aBand $bnc $2rdacarrier 
003@    $0504333356 
007A    $0504333356 $aHEB 
010@    $ager 
010E    $erda 
011@    $a2018 
013D    $RQuellenforschung $#History -- Sources $#Histoire -- Sources $#Akten Formschlagwort $#Augenzeugenbericht Formschlagwort $#Texte Formschlagwort $#Historische Quelle $#Geschichtsquelle $#Quellensammlung $#Quellen $74135952-5 $8Quelle [Ts1] $9085503576 
013D    $RFührer $#Directories $#Répertoires $#Repertorium Verzeichnis $74188171-0 $8Verzeichnis [Ts1] $9085925047 
021A    $aKirchenbuch-Abschriften der altlutherischen Gemeinden Cammin, Hackenwalde (Kr. Naugard), Versin (Kr. Rummelsburg) und Gramens (Kr Neustettin) in Pommern 1836-1844 $hHerausgegeben von Stefan Rückling 
028C    $BHerausgeber $4edt $8Rückling, Stefan [Tp3] $9455409927 
031A    $d26 $h291-316 $j2018 
039B    $aEnthalten in $8--Abvc--. Archiv ostdeutscher Familienforscher. - Herne : Arbeitsgem. Ostdt. Familienforscher, 1952-. - ISSN 0003-9470 $x201800000260000709 $904747002X 
044K    $RCammin $#Cammin Pommern $#Cammin in Pommern $74069827-0 $8Kamień Pomorski [Tg1] $9085196371 
044K    $8Krępsko$gGoleniów [Tg1] $9504333402 
044K    $8Wierszyno [Tg1] $9504333380 
044K    $8Grzmiąca$gSzczecinek [Tg1] $9504333410 
044K    $RAmtsbuch $#Church records and registers $#Registres paroissiaux $#Libri parrocchiali $#Registros eclesiásticos $#Matrikel Kirche $#Pfarrbuch $#Pfarrmatrikel $#Taufbuch $#Taufregister $#Trauregister $74129202-9 $8Kirchenbuch [Ts1] $9085451797 
044K    $RSelbständige Evangelisch-Lutherische Kirche $#Altlutherische Kirche $#Evangelisch-Lutherische Kirche Altpreußens $#Evangelisch-Lutherische Kirche in Preußen $74524488-1 $8Evangelisch-Lutherische (Altlutherische) Kirche [Tb1] $9089332881 
045F    $a306.094381609034 $eDDC23BSB 
045F/01 $a306.09 
045F/03 $f09034 
045F/03 $g43816 
045G    $a200.94381609034 $eDDC23BSB 
045G/01 $a200.9 
045G/03 $f09034 
045G/03 $g43816 
045R    $aGeschichte 1836-1844 
045T    $a8,1 

lok: 50433335 78

exp: 50433335 78 1 #EPN
201B/01 $004-02-23 $t18:31:06.000 
201C/01 $004-02-23 
201U/01 $0utf8 
203@/01 $01225873088 
208@/01 $a04-02-23 $be 
209A/01 $a/ $f000 $x00 
209A/01 $ab*p $x01 
220C/01 $apgar 
244Z/01 $#Pommern $#Pommern $#Herzogtum Pommern $#Herzogthum Pommern $#Provinz Pommern $#Pomorze $74046744-2 $8--Tg1--Pommern $x01 $9085130354 
247C/01 $82080>Marburg/Lahn, Herder-Institut, Forschungsbibliothek, Bibliographieportal $9336309341
LEADER 00000caa a2200000 c 4500
001 504333356
003 DE-603
005 20230204220737.0
007 tu
008 230204s2018 xx |||| | u00||u|ger c
035 |a (DE-599)HEB504333356 
040 |a DE-603  |b ger  |c DE-603  |d DE-603  |e rda 
041 |a ger 
082 0 4 |8 1\u  |a 306.094381609034  |q DE-101  |2 23/BSB 
083 0 |8 2\u  |a 200.94381609034  |q DE-101  |2 23/BSB 
084 |a 8,1  |2 ssgn 
085 |8 1\u  |b 306.09 
085 |8 1\u  |z 1  |s 09034 
085 |8 1\u  |z 2  |s 43816 
085 |8 2\u  |b 200.9 
085 |8 2\u  |z 1  |s 09034 
085 |8 2\u  |z 2  |s 43816 
245 0 0 |a Kirchenbuch-Abschriften der altlutherischen Gemeinden Cammin, Hackenwalde (Kr. Naugard), Versin (Kr. Rummelsburg) und Gramens (Kr Neustettin) in Pommern 1836-1844  |c Herausgegeben von Stefan Rückling 
264 0 |c 2018 
336 |a Text  |b txt  |2 rdacontent 
337 |a ohne Hilfsmittel zu benutzen  |b n  |2 rdamedia 
338 |a Band  |b nc  |2 rdacarrier 
610 1 7 |a Evangelisch-Lutherische (Altlutherische) Kirche  |2 gnd  |0 (DE-588)4524488-1  |0 (DE-603)089332881 
648 7 |a Geschichte 1836-1844  |2 gnd 
650 7 |a Kirchenbuch  |0 (DE-588)4129202-9  |0 (DE-603)085451797  |2 gnd 
651 7 |a Kamień Pomorski  |0 (DE-588)4069827-0  |0 (DE-603)085196371  |2 gnd 
651 7 |a Krępsko  |g Goleniów  |0 (DE-588)1280090685  |0 (DE-603)504333402  |2 gnd 
651 7 |a Wierszyno  |0 (DE-588)1280090456  |0 (DE-603)504333380  |2 gnd 
651 7 |a Grzmiąca  |g Szczecinek  |0 (DE-588)1280090766  |0 (DE-603)504333410  |2 gnd 
655 7 |a Quelle  |2 gnd-content  |0 (DE-588)4135952-5  |0 (DE-603)085503576 
655 7 |a Verzeichnis  |2 gnd-content  |0 (DE-588)4188171-0  |0 (DE-603)085925047 
700 1 |a Rückling, Stefan  |e Herausgeber  |4 edt  |0 (DE-603)455409927  |0 (DE-588)1199437549  |2 gnd 
773 0 8 |i Enthalten in  |t Archiv ostdeutscher Familienforscher  |d Herne : Arbeitsgem. Ostdt. Familienforscher, 1952-  |x 0003-9470  |g Band 26 (2018), Seite 291-316  |w (DE-603)04747002X  |w (DE-600)300116-7 
924 0 |9 2080  |a (DE-603)1225873088  |b DE-2080  |c HES  |d d  |g /